000 00507nam a2200217Ia 4500
008 170918s9999 xx 000 0 und d
020 _a9780545438513
050 _bN382 2012
100 _aNees, Susan
245 _aPicture day /
245 _cby Susan Nees.
260 _aNew York :
260 _bScholastic,
260 _c2012
300 _a72 pages :
300 _bcolor illustrattion ;
300 _c19cm.
300 _eMissy's super duper royal deluxe ;
440 _a1
500 _a500
999 _c344230
_d344230